LEADER 02216nam2 2200361 i 450 001 SUN0077297 005 20170217015207.638 010 $d0.00 012 $2fei$aadia roi, oro; te(4 (3) 1757 (R)$5SUN 012 $2fei$9Var. B$al-r- roi, ala- cico (3) 1757 (R)$5SUN 100 $a20080915d1757 |0itac50 ba 101 $aita 102 $aIT 140 $a||||||||| ||||||||| 200 1 $a<<*Storia del commercio della Gran Brettagna scritta scritta da John Cary mercatante di Bristol, tradotta in nostra volgar lingua da Pietro Genovesi giureconsulto napoletano ... >> 3 205 $aIn Napoli : per Benedetto Gessari, 1757 210 $a[4]$d505, [7] p. ; 8° 215 $aSegnatura: ?² A-2I? 423 1$1001SUN0108011$12001 $a*Ragionamento sulla fede publica, dell'ab. Genovesi, carte 2G5r-2I5r$fGenovesi, Antonio <1713-1769>. 461 1$1001SUN0077295$12001 $a*Storia del commercio della Gran Brettagna scritta scritta da John Cary mercatante di Bristol, tradotta in nostra volgar lingua da Pietro Genovesi giureconsulto napoletano. Con un Ragionamento sul commercio in universale, e alcune annotazioni riguardanti l'economia del nostro regno. Di Antonio Genovesi ..$v3$1205 $aIn Napoli : per Benedetto Gessari, 1757$1210 $a3 volumi$a8º$1215 $aFregi e lettere xilografiche 620 $dNapoli$3SUNL000005 700 1$aCary$b, John$3SUNV052066$0545749 702 1$aGenovesi$b, Pietro$3SUNV052068 702 1$aGenovesi$b, Antonio$f1713-1769$3SUNV053578 712 02$aGessari, Benedetto$3SUNV052069 790 1$aGenuensis, Antonius$zGenovesi, Antonio <1713-1769>$3SUNV082674 790 1$aGenovesi, Antonio $zGenovesi, Antonio <1713-1769>$3SUNV082675 790 1$aGenovese, Antonio$zGenovesi, Antonio <1713-1769>$3SUNV082676 801 $aIT$bSOL$c20170928$gRICA 912 $aSUN0077297 950 $aUFFICIO DI BIBLIOTECA DEL DIPARTIMENTO DI GIURISPRUDENZA$d00 ANTICO BL.700.50 3 $e00 BL 5687 L'esemplare posseduto è Var. B. 995 $aUFFICIO DI BIBLIOTECA DEL DIPARTIMENTO DI GIURISPRUDENZA$gBL$h5687$kANTICO BL.700.50 3$oc$qa$uL'esemplare posseduto è Var. B. 997 $aUNICAMPANIA LEADER 02389nam0-2200373 --450 001 9910309654003321 005 20190329101310.0 012 $aS!IS e-t, t.n- cast (3) 1784 (A)$2fei$5IT-NA0338: B VI 34 012 $aS!IS e-t, t.n- cast (3) 1784 (A)$2fei$5IT-NA0338: O III 24 100 $a20190228d1784----kmuy0itay5050 ba 101 0 $alat 102 $aDE 140 $aa-----------------bb0------- 200 1 $aCaroli Petri Thunberg ... Flora iaponica sistens plantas insularum iaponicarum secundum systema sexuale emendatum redactas ad XX classes, ordines, genera et species cum differentiis specificis, synonymis paucis, descriptionibus, concinnis et XXXIX iconibus adiectis 210 $aLipsiae$cin bibliopolio I. G. Mulleriano$d1784 215 $aLII, 418, [2] p., 39 c. di tav., di cui 35 rip.$cill.$d8° 307 $aSegn.: *-3*? 4*² A-2C? 2D². - Le pp. 287 e 288 erroneamente numerate 289 e 290 316 $aCartiglio della libreria: "Meillac, libraire, cloitre S. Benoist à Paris" sul verso della carta di guardia anteriore$5IT-NA0338: B VI 34 317 $aTimbro ovale: "R. Orto Botanico di Napoli Biblioteca Tenoreana" sul front.$5IT-NA0338: B VI 34 317 $aTimbro ovale: "R. Orto Botanico di Napoli Biblioteca Tenoreana" a c. *2$5IT-NA0338: O III 24 517 1 $aFlora iaponica sistens plantas insularum iaponicarum secundum systema sexuale emendatum redactas ad XX classes, ordines, genera et species cum differentiis specificis, synonymis paucis, descriptionibus, concinnis et XXXIX iconibus adiectis 620 $aGermania.$dLipsia 676 $a581.9252$v23 700 1$aThunberg,$bCarl Peter$f<1743-1828>$0761270 719 00$aBibliopolio mulleriano$c$4650 801 0$aIT$bUNINA$gREICAT$2UNIMARC 856 4 $zVisualizza la versione elettronica in SBNWeb$uhttps://books.google.it/books?id=wP-aes6XbHUC&printsec=frontcover&hl=it&source=gbs_ge_summary_r&cad=0#v=onepage&q&f=false$e20190228 901 $aAQ 912 $a9910309654003321 952 $aB VI 34$b487$fDBV 952 $aO III 24$b2055$fDBV 959 $aDBV 996 $aCaroli Petri Thunberg ... Flora iaponica sistens plantas insularum iaponicarum secundum systema sexuale emendatum redactas ad XX classes, ordines, genera et species cum differentiis specificis, synonymis paucis, descriptionibus, concinnis et XXXIX iconibus adiectis$91545967 997 $aUNINA